Cultural heritage statutes (Record no. 103895)

MARC details
000 -LEADER
fixed length control field 01334cam a2200445 4500
008 - FIXED-LENGTH DATA ELEMENTS--GENERAL INFORMATION
fixed length control field 041216n2004 000 0 eng u
020 ## - INTERNATIONAL STANDARD BOOK NUMBER
International Standard Book Number 1903987032
035 ## - SYSTEM CONTROL NUMBER
System control number (Sirsi) u128338
041 ## - LANGUAGE CODE
Language code of text/sound track or separate title eng
050 ## - LIBRARY OF CONGRESS CALL NUMBER
Classification number 344.4094
-- 18
110 ## - MAIN ENTRY--CORPORATE NAME
Corporate name or jurisdiction name as entry element Institute of Art and Law
9 (RLIN) 2984
245 ## - TITLE STATEMENT
Title Cultural heritage statutes
250 ## - EDITION STATEMENT
Edition statement 2nd ed.
260 ## - PUBLICATION, DISTRIBUTION, ETC.
Place of publication, distribution, etc. Leicester
Name of publisher, distributor, etc. IAL
Date of publication, distribution, etc. 2004
300 ## - PHYSICAL DESCRIPTION
Extent vi, 456p.
Dimensions 24cm
350 ## - PRICE (NR) (BK AM CF MU VM SE) [OBSOLETE]
Price 35
505 ## - FORMATTED CONTENTS NOTE
Formatted contents note International and European
505 ## - FORMATTED CONTENTS NOTE
Formatted contents note Art and the Holocaust
505 ## - FORMATTED CONTENTS NOTE
Formatted contents note Museums, libraries, charities and trusts
505 ## - FORMATTED CONTENTS NOTE
Formatted contents note Antiquities, sites and monuments
505 ## - FORMATTED CONTENTS NOTE
Formatted contents note Art crime
505 ## - FORMATTED CONTENTS NOTE
Formatted contents note Artists' rights
505 ## - FORMATTED CONTENTS NOTE
Formatted contents note Art transactions
505 ## - FORMATTED CONTENTS NOTE
Formatted contents note Exports
505 ## - FORMATTED CONTENTS NOTE
Formatted contents note Procedure and remedies
505 ## - FORMATTED CONTENTS NOTE
Formatted contents note Taxation
520 ## - SUMMARY, ETC.
Summary, etc. A collection of the key domestic and international agreements, conventions and statutes which focus on the cultural heritage. Statutes are grouped under subject and are also in an alphabetical listing.
590 ## - LOCAL NOTE (RLIN)
Local note NB
650 ## - SUBJECT ADDED ENTRY--TOPICAL TERM
Topical term or geographic name entry element STATUTES
650 ## - SUBJECT ADDED ENTRY--TOPICAL TERM
Topical term or geographic name entry element LAW
650 ## - SUBJECT ADDED ENTRY--TOPICAL TERM
Topical term or geographic name entry element AGREEMENTS
650 ## - SUBJECT ADDED ENTRY--TOPICAL TERM
Topical term or geographic name entry element CONVENTIONS
650 ## - SUBJECT ADDED ENTRY--TOPICAL TERM
Topical term or geographic name entry element CULTURAL HERITAGE
650 ## - SUBJECT ADDED ENTRY--TOPICAL TERM
Topical term or geographic name entry element CULTURAL OBJECTS
650 ## - SUBJECT ADDED ENTRY--TOPICAL TERM
Topical term or geographic name entry element CULTURAL PROPERTY
650 ## - SUBJECT ADDED ENTRY--TOPICAL TERM
Topical term or geographic name entry element TREATIES
650 ## - SUBJECT ADDED ENTRY--TOPICAL TERM
Topical term or geographic name entry element STATUTES
690 ## - LOCAL SUBJECT ADDED ENTRY--TOPICAL TERM (OCLC, RLIN)
Topical term or geographic name as entry element Arts and antiques
9 (RLIN) 6217
942 ## - ADDED ENTRY ELEMENTS (KOHA)
Suppress in OPAC 0
Holdings
Withdrawn status Lost status Source of classification or shelving scheme Damaged status Not for loan Home library Current library Shelving location Date acquired Cost, normal purchase price Total Checkouts Full call number Barcode Date last seen Date last checked out Copy number Cost, replacement price Price effective from Koha item type
    Dewey Decimal Classification     London London Books 08/02/2005 35.00 4 344.4094 INS 30069802 06/08/2019 02/01/2008 1 35.00 06/08/2019 Book